| 000 | 00838nam a2200241Ia 4500 | ||
|---|---|---|---|
| 003 | OSt | ||
| 005 | 20220916110924.0 | ||
| 006 | a|||||r|||| 00| 0 | ||
| 007 | ta | ||
| 008 | 220915b |||||||| |||| 00| 0 hin d | ||
| 024 | _a36796 | ||
| 037 | _cTextbook | ||
| 040 |
_bhin _aARTS _cARTS |
||
| 041 | _ahin | ||
| 082 | _aO15,2D70,3, 152K3;M3 | ||
| 245 | 0 | _aउत्तररामचरितम्: महाकवि श्री भवभूति प्रणीतम् | |
| 246 | _aUttararāmacharitam: mahākavi shrī bhavabhūti praṇītam | ||
| 260 |
_aमेरठ _bसाहित्य भण्डार भारत _c1983 |
||
| 300 |
_a507पण् _ccm. |
||
| 650 | _aहिन्दी साहित्य | ||
| 942 |
_hO15,2D70,3, 152K3;M3 _cTB _2CC |
||
| 999 |
_c101477 _d101477 |
||